Comedias / (Record no. 129225)

MARC details
000 -LEADER
campo de control de longitud fija 00802nam a2200229 i 4500
001 - NÚMERO DE CONTROL
campo de control 129225
003 - IDENTIFICADOR DE NÚMERO DE CONTROL
campo de control ES-MaACL
005 - FECHA Y HORA DE LA ÚLTIMA TRANSACCIÓN
campo de control 20230906193448.0
007 - CAMPO FIJO DE DESCRIPCIÓN FÍSICA--INFORMACIÓN GENERAL
campo de control de longitud fija t|
008 - DATOS DE LONGITUD FIJA--INFORMACIÓN GENERAL
campo de control de longitud fija 070608s1953 sp ||||1| spa d
080 ## - NÚMERO DE LA CLASIFICACIÓN DECIMAL UNIVERSAL
Número de la Clasificación Decimal Universal 87-221"00"
100 1# - ENTRADA PRINCIPAL--NOMBRE DE PERSONA
Nombre de persona Terencio Africano, Publio.
9 (RLIN) 109734
245 10 - MENCIÓN DEL TÍTULO
Título Comedias /
Mención de responsabilidad, etc. Publio Terencio Africano ; traducción del latín y prólogo por Pedro A. Voltes Bou.
260 ## - PUBLICACIÓN, DISTRIBUCIÓN, ETC.
Lugar de publicación, distribución, etc. [Barcelona :
Nombre del editor, distribuidor, etc. Artes Gráficas Salvá,
Fecha de publicación, distribución, etc. 1953]
300 ## - DESCRIPCIÓN FÍSICA
Extensión 329 p. :
Otras características físicas il. ;
Dimensiones 19 cm.
490 1# - MENCIÓN DE SERIE
Mención de serie Obras maestras
505 8# - NOTA DE CONTENIDO CON FORMATO
Nota de contenido con formato Contiene: Andria. El verdugo de sí mismo. El eunuco. Formión. La hecyra. Los Hermanos.
700 0# - ENTRADA AGREGADA--NOMBRE PERSONAL
Nombre de persona Voltes Bou, Pedro,
Fechas asociadas al nombre 1926-2009
9 (RLIN) 115726
830 0# - PUNTO DE ACCESO ADICIONAL DE SERIE-TÍTULO UNIFORME
Título uniforme Obras maestras
9 (RLIN) 181001
852 ## - LOCALIZACIÓN
Ubicación ES-MaACL
Número de control de estantería C-6498
Sublocalización o colección R.35624
Holdings
Estatus retirado Estado de pérdida Estado de daño No para préstamo Biblioteca de origen Biblioteca actual Ubicación en estantería Fecha de adquisición Fuente de adquisición Total de préstamos Signatura topográfica completa Código de barras Visto por última vez Precio de reemplazo Tipo de ítem Koha
        Biblioteca del Ateneo de Madrid Biblioteca del Ateneo de Madrid Sala Palomar 17/01/2008     C-6498 1134572 23/02/2023 23/02/2023 Libro impreso